|
|
|
|
| LEADER |
01362cam a2200361 a 4500 |
| 001 |
c000380259 |
| 003 |
CARM |
| 005 |
20110322150831.0 |
| 008 |
110322m19941999xna l 001 0 eng d |
| 019 |
1 |
|
|a 10856848
|5 LACONCORD2021
|
| 020 |
|
|
|a 045521252X
|c $250 (est.)
|
| 035 |
|
|
|a (OCoLC)38361143
|5 LACONCORD2021
|
| 040 |
|
|
|a ANB:REV
|b eng
|c ANB:REV
|d ANB:REV
|d NSL
|
| 042 |
|
|
|a anuc
|
| 043 |
|
|
|a u-at-vi
|a u-at---
|
| 082 |
0 |
4 |
|a 347.945077
|2 20
|
| 100 |
1 |
|
|a Ahern, John A.
|
| 245 |
1 |
0 |
|a Costs guide Victoria :
|b a comprehensive guide for legal practitioners in Victoria /
|c by John Ahern, Ariel Weingart, Marija Johnson ; foreword by Tom Bruce.
|
| 260 |
|
|
|a Sydney :
|b Law Book Co.,
|c 1994-1999.
|
| 300 |
|
|
|a 1 v. (loose-leaf) ;
|c 26 cm.
|
| 500 |
|
|
|a Includes index.
|
| 500 |
|
|
|a CIP confirmed.
|
| 650 |
|
0 |
|a Costs (Law)
|z Victoria.
|
| 650 |
|
0 |
|a Costs (Law)
|z Australia.
|
| 650 |
|
0 |
|a Lawyers
|z Victoria
|x Fees.
|
| 650 |
|
0 |
|a Lawyers
|z Australia
|x Fees.
|
| 700 |
1 |
|
|a Weingart, Ariel,
|d 1948-
|
| 700 |
1 |
|
|a Johnson, Marija,
|d 1952-
|
| 852 |
8 |
|
|b CARM
|p 0572512
|f BK
|
| 852 |
8 |
|
|b SCAN
|h A3:AH05D0
|i E02391
|p 0572512
|f BK
|
| 999 |
f |
f |
|i 47b3a5ec-2983-5641-96aa-f5b89d383834
|s 77d9605a-70d8-54c0-b0fb-a0d104e858bb
|
| 952 |
f |
f |
|p Can circulate
|a CAVAL
|b CAVAL
|c CAVAL
|d CARM 1 Store
|i book
|m 0572512
|
| 952 |
f |
f |
|a CAVAL
|b CAVAL
|c CAVAL
|d Unmapped Location
|e E02391
|f A3:AH05D0
|h Other scheme
|